Central Library OPAC University of Rajshahi

উনিশ শতকের সমাজসংস্কার আন্দোলন ও বাংলা বিতর্করচনা / (Record no. 44083)

MARC details
000 -LEADER
fixed length control field 01024nam a22002297a 4500
001 - CONTROL NUMBER
control field 44083
003 - CONTROL NUMBER IDENTIFIER
rucl marc code BD-RjUL
005 - DATE AND TIME OF LATEST TRANSACTION
control field 20211209053810.0
008 - FIXED-LENGTH DATA ELEMENTS--GENERAL INFORMATION
fixed length control field 160713s1982 ii ||||| |||| 00| 0 ben d
020 ## - INTERNATIONAL STANDARD BOOK NUMBER
Terms of availability : IRs 30.00
035 ## - SYSTEM CONTROL NUMBER
System control number (BD-RjUL)44201
040 ## - CATALOGING SOURCE
Original cataloging agency BD-RjUL
Language of cataloging ben
Transcribing agency BD-RjUL
041 ## - LANGUAGE CODE
Language code of text/sound track or separate title ben
082 ## - DEWEY DECIMAL CLASSIFICATION NUMBER
Edition number 23
Classification number 303.48409540903
Author mark and year SOU 1982
100 ## - MAIN ENTRY--PERSONAL NAME
Personal name সরকার, অজয়েন্দ্রনাথ
9 (RLIN) 135372
245 10 - TITLE STATEMENT
Title উনিশ শতকের সমাজসংস্কার আন্দোলন ও বাংলা বিতর্করচনা /
Statement of responsibility, etc. অজয়েন্দ্রনাথ সরকার
260 ## - PUBLICATION, DISTRIBUTION, ETC. (IMPRINT)
Place of publication, distribution, etc. কলিকাতা :
Name of publisher, distributor, etc. পুস্তক বিপণি,
Date of publication, distribution, etc. ১৯৮২
300 ## - PHYSICAL DESCRIPTION
Pagination [৮], ৩৫৬ পৃ. ;
Size ২১ সেমি.
650 ## - SUBJECT ADDED ENTRY--TOPICAL TERM
Topical term or geographic name as entry element Social movements
General subdivision History
Chronological subdivision 19th century.
Geographic subdivision Bengal
9 (RLIN) 135373
Topical term or geographic name as entry element সমাজ সংস্কার
General subdivision ইতিহাস
Chronological subdivision উনিশ শতক
Geographic subdivision বেঙ্গল
9 (RLIN) 135374
942 ## - ADDED ENTRY ELEMENTS (KOHA)
Source of classification or shelving scheme Dewey Decimal Classification
Koha item type Books
Holdings
Lost status Source of classification or shelving scheme Damaged status Not for loan Collection code Permanent Location Current Location Shelving location Date acquired Source of acquisition Cost, normal purchase price Total Checkouts Full call number Date last seen Copy number Koha item type
  Dewey Decimal Classification     Non-fiction Central Library, University of Rajshahi Central Library, University of Rajshahi   22/04/1989 Karim interprise, dhaka 30.00   B 303.48409540903 SOU 1982 13/07/2016 C-2 Books
  Dewey Decimal Classification   Not For Loan Non-fiction Central Library, University of Rajshahi Central Library, University of Rajshahi Reading Room 08/03/1984 Dhaka: Tulip Enterprise 30.00   B 303.48409540903 SOU 1982 13/05/2025 C-1 Books